000
00309nam a22001337a 4500
008
181101b xxu||||| |||| 00| 0 eng d
020
_a
9780202306247
041
_a
eng
080
_a
159.9
100
_a
48
101
_a
PSI
245
_a
Counseling and the Therapeutic State
_c
Chriss,J.J
942
_2
udc
_c
BK
999
_c
51464
_d
51464